Informe de la FETRAP

Shranjeno v:
Bibliografske podrobnosti
Korporativna značnica: Federación de Trabajadores Azucareros del Perú
Format: Texto
Izdano: San José: CEDAL
Oznake: Označite
Brez oznak, prvi označite!

MARC

LEADER 00000 a a2200000 04500
001 18698
003
040
090 |a 010200  
110 |a Federación de Trabajadores Azucareros del Perú  
245 |a Informe de la FETRAP  
260 |a San José:   |b CEDAL  
300 |a 6 p.  
999 |c 10233  |d 10233